00334nam a22001097a 4500082000800000100002300008245012700031260002900158300000900187526001700196650001100213 aT-6 aZafar Iqbal Faruqi aAXLE LOAD SURVEY to establish latest truck factors for pavement design between Taxila and Lahore on National Highway (N-5) aRisalpurbMCE c4-4-1997 c40cm a0b0c0dT_6 aThesis